Zjednotenie Rumunov

Bibliographic Details
Main Author: Macůrek, Josef, 1901-1992 (Author)
Format: Book
Language:Slovak
Czech
PhysicalDescription:5 strán ilustrácie, erby, noty 23 cm
Published: [V Prahe] [Ministerstvo školstva a národnej osvety] [1935]
Subjects:

MARC

LEADER 00000cam a2200000 a 4500
001 vtls008383703
003 SK-MaSNL
005 20260301205015.0
008 260209q1935 xr ia f o000 0 slo
015 |a SNBA19191938-006738 
020 |q (brožované) 
035 |a SK01SNKBSKHR20010075920 
035 |a urn:nbn:sk:snk-am3i00d 
035 |a 9C6DBECB-0829-4185-B339-08B60F06982A 
035 |a urn:nbn:sk:snk-am00df0v 
035 |a SKM000078383 
040 |a SNK  |b slo  |c SNK  |e AACR2 
041 1 |a slo  |h cze 
044 |a xr  |c CZ 
072 7 |a 316.3  |x Globálne spoločnosti. Sociálna štruktúra. Sociálne skupiny  |2 konspekt 
080 |a 949.8  |2 1981 
080 |a (=13)  |2 2001 
080 |a (=135.1)  |2 2011 
080 |a (041)  |2 2011 
100 1 |a Macůrek, Josef,  |d 1901-1992  |4 aut  |9 105207 
245 1 0 |a Zjednotenie Rumunov  |c Jozef Macůrek 
260 |a [V Prahe]  |b [Ministerstvo školstva a národnej osvety]  |c [1935] 
300 |a 5 strán  |b ilustrácie, erby, noty  |c 23 cm 
500 |a V knihe neuvedený rok vydania. Pravdepodobný rok vydania: 1935 
500 |a Preložené z češtiny 
650 0 7 |a Rumuni  |2 SNKPH  |9 86953 
650 0 7 |a románske národy  |2 SNKPH  |9 152620 
655 7 |a brožúry  |2 SNKPH  |9 70146 
752 |a Česko  |d Praha 
852 |a Slovenská národná knižnica 
954 |a odborná, vedecká literatúra cudzojazyčná (svetová)  |2 lita 
958 |a EUIPO 
958 |a RK 
958 |a TL 
958 |a RO 
958 |a SP 
958 |a CZ 
958 |a OP 
958 |a OND 
999 |c 908577  |d 910507 
952 |a SNK  |b SNK  |y PREZ  |7 0  |p 17A0837036  |o snkSC 10705  |i snkKSF 2152/57  |8 5  |0 0  |1 0  |4 0  |d 2019-10-23  |f 1  |l 0  |r 2025-07-11 00:00:00  |w 2026-02-24